000 01016nas a2200313 4500
001 BR9902075
003 BR-BrBNA
005 20231205101359.0
007 ta
008 230509b bl.|||p| |||| 00| 00por d
040 _aBR-BrBNA
_bpor
_cBiblioteca Nacional de Agricultura
041 _a(Pt)
072 _aK10
100 1 _aRosa, L. dos S.
100 1 _aSa, T.D. de A.
100 1 _aOhashi, S.T.
100 1 _aBarros, P.L.C. de
100 1 _aSilva, A.J.V.
245 1 _aCrescimento e sobrevivencia de mudas de pau-rosa (Aniba rosaeodora Ducke)oriundas de tres procedencias, em funcao de diferentes niveis de sombreamento, em condicoes de viveiro
650 _aPau Rosa
650 _aCrescimento
650 _aMuda
650 _aRegeneracao
650 _aSombreamento
650 _aEstufa
773 0 _tBoletim da Faculdade de Ciencias Agrarias do Para (Brazil)
_xISSN 0100-2694
_g(Jul-Dec 1997), (no. 28) p. 37-62
_wBR9902075
909 _a202311
_bLúcia
_c55
_dLúcia Elande
942 _2AGRIS
_n0
_cANA
999 _c161477
_d161477